[Event "XIII Miedzynarodowe Mistrzostwa Gdanska"]
[Site "Gdansk"]
[Date "2011.??.??"]
[Round "6.1"]
[White "Grabarczyk, Miroslaw"]
[Black "Kempinski, Tomasz"]
[Result "1-0"]
[WhiteElo "2459"]
[BlackElo "2227"]
[PlyCount "75"]
[EventDate "2011.??.??"]

1. d4 Nf6 2. c4 g6 3. Nf3 Bg7 4. g3 d5 5. cxd5 Nxd5 6. Bg2 Nb6 7. Nc3 Nc6 8. e3
e5 9. O-O exd4 10. Nxd4 Nxd4 11. exd4 O-O 12. d5 Nc4 13. Qb3 Nd6 14. Bf4 Bf5
15. Nb5 a6 16. Nxd6 cxd6 17. Rac1 Qd7 18. Qb6 Rfc8 19. Bxd6 Bxb2 20. Qxb2 Qxd6
21. Qxb7 Rab8 22. Rxc8+ Rxc8 23. h3 h5 24. Qb3 Rb8 25. Qc3 Rc8 26. Qd4 Qc5 27.
Qf6 Qc3 28. Qe7 Qc7 29. Qg5 Qd7 30. h4 Rc2 31. Re1 Kg7 32. Qf4 Rc8 33. Qd4+ Kh7
34. Qf6 Re8 35. Rxe8 Qxe8 36. Qxa6 Qe1+ 37. Qf1 Qd2 38. Qa1 1-0

[Event "XIII Miedzynarodowe Mistrzostwa Gdanska"]
[Site "Gdansk"]
[Date "2011.??.??"]
[Round "6.2"]
[White "Sopur, Lech"]
[Black "Jaroch, Pawel"]
[Result "1-0"]
[WhiteElo "2409"]
[BlackElo "2250"]
[PlyCount "57"]
[EventDate "2011.??.??"]

1. d4 Nf6 2. c4 c5 3. e3 e6 4. Nc3 d5 5. Nf3 Nc6 6. cxd5 Nxd5 7. Bd3 cxd4 8.
exd4 Be7 9. O-O Nxc3 10. bxc3 O-O 11. Qe2 Re8 12. h4 g6 13. Ng5 h6 14. Ne4 Bf8
15. h5 f5 16. Ng3 g5 17. Re1 Bd7 18. Qf3 Qf6 19. Bb2 Bg7 20. Rad1 b5 21. Bxb5
Nxd4 22. Rxd4 Bxb5 23. c4 Bxc4 24. Ba1 g4 25. Qe3 e5 26. Rxc4 f4 27. Qb3 fxg3
28. Rxg4+ Kh8 29. Qxg3 1-0

[Event "XIII Miedzynarodowe Mistrzostwa Gdanska"]
[Site "Gdansk"]
[Date "2011.??.??"]
[Round "6.3"]
[White "Bugalski, Michal"]
[Black "Cyborowski, Lukasz"]
[Result "0-1"]
[WhiteElo "2240"]
[BlackElo "2537"]
[PlyCount "58"]
[EventDate "2011.??.??"]

1. c4 c5 2. Nc3 g6 3. g3 Bg7 4. Bg2 Nc6 5. Nf3 e6 6. O-O Nge7 7. e3 O-O 8. d4
cxd4 9. Nxd4 Nxd4 10. exd4 d6 11. c5 d5 12. Bg5 h6 13. Be3 b6 14. b4 bxc5 15.
bxc5 Ba6 16. Re1 Nf5 17. Qd2 Rb8 18. Rab1 Qa5 19. Bh3 Nxe3 20. fxe3 e5 21. Bg2
Bc4 22. Red1 Rxb1 23. Rxb1 h5 24. Rd1 Rd8 25. Nxd5 Qxd2 26. Ne7+ Kf8 27. Rxd2
Kxe7 28. d5 f5 29. d6+ Ke6 0-1

[Event "XIII Miedzynarodowe Mistrzostwa Gdanska"]
[Site "Gdansk"]
[Date "2011.??.??"]
[Round "6.5"]
[White "Rybak, Tomasz"]
[Black "Reza, Wojciech"]
[Result "1-0"]
[WhiteElo "2222"]
[BlackElo "2026"]
[PlyCount "55"]
[EventDate "2011.??.??"]

1. e4 c5 2. Nf3 d6 3. d4 cxd4 4. Nxd4 Nf6 5. Nc3 a6 6. Be2 e5 7. Nb3 Be6 8. O-O
Be7 9. Be3 O-O 10. Qd2 b5 11. a4 b4 12. Nd5 Nxe4 13. Nxe7+ Qxe7 14. Qxb4 Bd5
15. Rfd1 Nc6 16. Qa3 Bxb3 17. cxb3 Rfd8 18. Rac1 Nd4 19. Bxd4 exd4 20. Bf3 Rac8
21. Rxc8 Rxc8 22. Qb4 Nc5 23. Qxd4 Nxb3 24. Qxd6 Qxd6 25. Rxd6 Rc1+ 26. Rd1 a5
27. Rxc1 Nxc1 28. b4 1-0

[Event "XIII Miedzynarodowe Mistrzostwa Gdanska"]
[Site "Gdansk"]
[Date "2011.??.??"]
[Round "6.6"]
[White "Budrewicz, Krzysztof"]
[Black "Zielinski, Maciej"]
[Result "1-0"]
[WhiteElo "2194"]
[BlackElo "2060"]
[PlyCount "63"]
[EventDate "2011.??.??"]

1. d4 g6 2. c4 Bg7 3. Nc3 Nf6 4. e4 d6 5. Be2 O-O 6. Bg5 c5 7. d5 h6 8. Be3 e6
9. Qd2 exd5 10. cxd5 Kh7 11. f3 a6 12. a4 Qa5 13. Ra3 Nbd7 14. Nh3 Rb8 15. O-O
Ng8 16. Rd1 Ne7 17. Qc2 Ne5 18. Nf2 f5 19. f4 Nd7 20. g4 Kh8 21. h3 Qc7 22. e5
g5 23. e6 gxf4 24. Bxf4 fxg4 25. Qd2 Ne5 26. Bxe5 Bxe5 27. Qxh6+ Kg8 28. Bd3
Nf5 29. Bxf5 Rxf5 30. Qg6+ Qg7 31. Qxf5 gxh3+ 32. Qg4 1-0

[Event "XIII Miedzynarodowe Mistrzostwa Gdanska"]
[Site "Gdansk"]
[Date "2011.??.??"]
[Round "6.7"]
[White "Huseynov, Vusal"]
[Black "Wierzbicka, Wiktoria"]
[Result "0-1"]
[WhiteElo "2178"]
[BlackElo "2014"]
[PlyCount "71"]
[EventDate "2011.??.??"]

1. e4 c5 2. Nf3 Nc6 3. d3 e6 4. g3 d5 5. Nbd2 Nf6 6. Bg2 Be7 7. O-O O-O 8. Re1
b5 9. e5 Nd7 10. Nf1 a5 11. h4 Ba6 12. N1h2 b4 13. Bf4 a4 14. a3 bxa3 15. bxa3
Rc8 16. Bh3 Qc7 17. Ng5 Nd4 18. Kg2 c4 19. Qh5 Bxg5 20. hxg5 Nxc2 21. Ng4 Nxe1+
22. Rxe1 d4 23. Nf6+ Nxf6 24. gxf6 Bb7+ 25. f3 Bxf3+ 26. Qxf3 Qc6 27. Qxc6 Rxc6
28. fxg7 Kxg7 29. Bg4 Rb8 30. Bf3 Rb2+ 31. Kh3 Rc5 32. dxc4 Rxc4 33. Be4 Rb3
34. Kg4 d3 35. Kf3 d2+ 36. Be3 0-1

[Event "XIII Miedzynarodowe Mistrzostwa Gdanska"]
[Site "Gdansk"]
[Date "2011.??.??"]
[Round "6.8"]
[White "Plewa, Piotr"]
[Black "Machlowski, Slawomir"]
[Result "0-1"]
[WhiteElo "1864"]
[BlackElo "2159"]
[PlyCount "120"]
[EventDate "2011.??.??"]

1. Nf3 c5 2. c4 g6 3. Nc3 Bg7 4. g3 Nc6 5. Bg2 Nh6 6. O-O Nf5 7. Rb1 d6 8. a3
a5 9. Qc2 O-O 10. e3 Bd7 11. b3 Rb8 12. Bb2 e5 13. Ne4 Qc7 14. h3 b5 15. g4
Nfe7 16. Nc3 bxc4 17. bxc4 Nd8 18. Ba1 Ne6 19. Nd5 Nxd5 20. cxd5 Nd8 21. Rxb8
Qxb8 22. Rb1 Qc8 23. d4 e4 24. Qxe4 f5 25. Qe7 fxg4 26. Ng5 c4 27. Ne6 Nxe6 28.
dxe6 Bxe6 29. d5 Bf7 30. Bxg7 Kxg7 31. hxg4 Qc5 32. e4 Qxa3 33. e5 c3 34. Be4
Qa4 35. Re1 c2 36. Qc7 Qb4 37. Kf1 Qb5+ 38. Kg1 Qb4 39. Kf1 dxe5 40. Bxc2 Qxg4
41. Qxe5+ Kg8 42. Qe4 Qh3+ 43. Kg1 Re8 44. Qxe8+ Bxe8 45. Rxe8+ Kf7 46. Ra8
Qg4+ 47. Kh2 Qh5+ 48. Kg1 Qg5+ 49. Kh2 Qxd5 50. Ra7+ Kg8 51. Ra6 Qd2 52. Bb3+
Kg7 53. Ra7+ Kh6 54. Rf7 Qb4 55. Ba2 a4 56. Rf3 a3 57. Rh3+ Kg7 58. Rf3 Qb2 59.
Bb3 a2 60. Bxa2 Qxa2 0-1

[Event "XIII Miedzynarodowe Mistrzostwa Gdanska"]
[Site "Gdansk"]
[Date "2011.??.??"]
[Round "6.9"]
[White "Czerw, Dawid"]
[Black "Olejarczyk, Bogdan"]
[Result "1/2-1/2"]
[WhiteElo "1784"]
[BlackElo "2137"]
[PlyCount "93"]
[EventDate "2011.??.??"]

1. d4 d5 2. c4 c6 3. Nf3 Nf6 4. Nc3 a6 5. c5 Nbd7 6. Bf4 Nh5 7. e3 Nxf4 8. exf4
g6 9. Bd3 Bg7 10. O-O O-O 11. Re1 Re8 12. Qc2 Qc7 13. Ne2 b5 14. a4 b4 15. a5
Rb8 16. Nd2 Nf8 17. Nb3 f6 18. h3 Bh6 19. f5 gxf5 20. Bxf5 e6 21. Ng3 Qf7 22.
Bg4 Bf4 23. Ne2 Bc7 24. f4 e5 25. Bxc8 Rbxc8 26. fxe5 fxe5 27. Qd3 e4 28. Qe3
Ne6 29. Rf1 Qg7 30. Rf5 Rf8 31. Raf1 Rxf5 32. Rxf5 Rf8 33. Qf2 Rxf5 34. Qxf5
Qf7 35. Qg4+ Kf8 36. Qh4 Ke8 37. Qh6 Kd7 38. Qd2 $11 38... Qh5 39. Qe3 Qf5 40.
Qh6 Nf4 41. Nxf4 Bxf4 42. Qg7+ Kd8 43. Qg8+ Kc7 44. Qg7+ Kb8 45. Qg8+ Kb7 46.
Qg7+ Bc7 47. Qh6 1/2-1/2

[Event "XIII Miedzynarodowe Mistrzostwa Gdanska"]
[Site "Gdansk"]
[Date "2011.??.??"]
[Round "6.10"]
[White "Kobus, Sebastian"]
[Black "Belczewski, Jacek"]
[Result "1-0"]
[WhiteElo "2104"]
[BlackElo "1355"]
[PlyCount "58"]
[EventDate "2011.??.??"]

1. e4 e6 2. d4 d5 3. exd5 exd5 4. c4 c6 5. Nc3 Bb4 6. Bd3 Ne7 7. Bg5 Be6 8.
cxd5 Bxd5 9. f3 Be6 10. Nge2 f6 11. Bd2 Bd6 12. Ne4 Bf5 13. O-O Bc7 14. Bc4 Nd5
15. N2c3 Bb6 16. Nxd5 cxd5 17. Bb5+ Nc6 18. Ng3 Be6 19. Re1 Qd7 20. Bxc6 bxc6
21. Bb4 Kf7 22. f4 Rhe8 23. Qd3 Kg8 24. Rac1 Qc7 25. Ne2 Bg4 26. Bd2 Bxe2 27.
Rxe2 Rxe2 28. Qxe2 Bxd4+ 29. Kh1 Bxb2 1-0

[Event "XIII Miedzynarodowe Mistrzostwa Gdanska"]
[Site "Gdansk"]
[Date "2011.??.??"]
[Round "6.11"]
[White "Marszk, Kazimierz"]
[Black "Renkowski, Piotr"]
[Result "0-1"]
[WhiteElo "2076"]
[BlackElo "1924"]
[PlyCount "100"]
[EventDate "2011.??.??"]

1. e4 e5 2. Nf3 Nc6 3. Bb5 a6 4. Ba4 Nf6 5. d3 b5 6. Bb3 Be7 7. c3 d6 8. O-O
O-O 9. Re1 Na5 10. Bc2 c5 11. Nbd2 Qc7 12. Nf1 Re8 13. h3 Bf8 14. Bg5 Nd7 15.
Ne3 Nb6 16. Qd2 c4 17. d4 Nc6 18. Nd5 Nxd5 19. exd5 Nb8 20. a4 f6 21. Bh4 Bb7
22. dxe5 dxe5 23. Nd4 Qd7 24. Bf5 Qxd5 25. Be4 Qf7 26. Bxb7 Qxb7 27. axb5 Rd8
28. Rxe5 fxe5 29. Bxd8 exd4 30. Qxd4 axb5 31. Rxa8 Qxa8 32. Qe5 Nc6 33. Qd5+
Kh8 34. Bb6 Qe8 35. Qxb5 Qe1+ 36. Kh2 Qe5+ 37. Qxe5 Nxe5 38. Kg1 Nd3 39. Kf1
Bc5 40. Bxc5 Nxc5 41. Ke2 Na4 42. Ke3 Nxb2 43. Kd4 Kg8 44. h4 Kf7 45. f3 h5 46.
g3 Kf6 47. Kd5 Kf5 48. Kd4 g6 49. Kd5 Nd3 50. Kxc4 Ne5+ 0-1

[Event "XIII Miedzynarodowe Mistrzostwa Gdanska"]
[Site "Gdansk"]
[Date "2011.??.??"]
[Round "6.12"]
[White "Przybylowicz, Kazimierz"]
[Black "Szczepaniec, Stanislaw"]
[Result "0-1"]
[WhiteElo "1806"]
[BlackElo "2075"]
[PlyCount "100"]
[EventDate "2011.??.??"]

1. e4 c5 2. Nf3 Nc6 3. d4 cxd4 4. Nxd4 g6 5. Nc3 Bg7 6. Be3 Nf6 7. Be2 O-O 8.
O-O d5 9. Nxc6 bxc6 10. e5 Nd7 11. f4 e6 12. Na4 Qa5 13. b3 f6 14. exf6 Bxf6
15. Bd4 c5 16. Bxf6 Rxf6 17. c4 d4 18. Bf3 Rb8 19. g3 Bb7 20. Bxb7 Rxb7 21. Qf3
Qc7 22. Qe4 Rb8 23. Rae1 Rbf8 24. Qg2 Qd6 25. Nb2 a5 26. Nd3 a4 27. Ne5 axb3
28. Ng4 bxa2 29. Nxf6+ Nxf6 30. Qxa2 d3 31. Qb3 Qd4+ 32. Kg2 Ne4 33. Rf3 Nd2
34. Qxd3 Nxf3 35. Qxf3 Qxc4 36. Qe3 Qd5+ 37. Kh3 Kf7 38. Ra1 Kf6 39. g4 Rb8 40.
Ra7 e5 41. fxe5+ Ke6 42. Ra6+ Kf7 43. Rf6+ Kg7 44. Rf3 c4 45. Qf4 Qxf3+ 46.
Qxf3 Rb3 47. Kg3 g5 48. Kf2 Rxf3+ 49. Kxf3 Kf7 50. Ke4 Ke6 0-1

[Event "XIII Miedzynarodowe Mistrzostwa Gdanska"]
[Site "Gdansk"]
[Date "2011.??.??"]
[Round "6.13"]
[White "Skrochocka, Justyna"]
[Black "Kanarkiewicz, Michal"]
[Result "0-1"]
[WhiteElo "2041"]
[BlackElo "1924"]
[PlyCount "72"]
[EventDate "2011.??.??"]

1. e4 c5 2. Nf3 d6 3. d4 cxd4 4. Nxd4 Nf6 5. Nc3 a6 6. Be2 e5 7. Nb3 Be7 8. Bg5
Be6 9. Bxf6 Bxf6 10. Qd3 Nc6 11. O-O-O Nd4 12. Nxd4 exd4 13. Nd5 Bxd5 14. exd5
O-O 15. Qf3 b5 16. Kb1 b4 17. h4 a5 18. g4 g6 19. h5 Ra7 20. Rd3 Re8 21. Bd1 a4
22. hxg6 fxg6 23. Qg3 Qb6 24. g5 Be5 25. f4 Bh8 26. f5 Be5 27. Qg2 Qa6 28. f6
b3 29. a3 Rb7 30. Bg4 Reb8 31. Be6+ Kf8 32. c4 dxc3 33. Rdh3 c2+ 34. Ka1 Qc4
35. Rc1 Qc5 36. f7 Qxa3# 0-1

[Event "XIII Miedzynarodowe Mistrzostwa Gdanska"]
[Site "Gdansk"]
[Date "2011.??.??"]
[Round "6.15"]
[White "Norov, Artem"]
[Black "Grabarczyk, Sylwester"]
[Result "1-0"]
[WhiteElo "1541"]
[BlackElo "1971"]
[PlyCount "83"]
[EventDate "2011.??.??"]

1. d4 Nf6 2. c4 g6 3. Nf3 Bg7 4. Nc3 d6 5. h3 b6 6. e4 O-O 7. Bd3 Nc6 8. a3 e5
9. d5 Ne7 10. g4 Nd7 11. b4 a5 12. Rb1 axb4 13. axb4 c6 14. Bg5 f6 15. Be3 Qc7
16. Qd2 Bb7 17. h4 Rfc8 18. Rc1 cxd5 19. Nb5 Qb8 20. cxd5 Nxd5 21. Bc4 Rxc4 22.
Rxc4 Nxe3 23. fxe3 Ra1+ 24. Rc1 Rxc1+ 25. Qxc1 Bxe4 26. Rh3 Bf8 27. Nd2 Bd3 28.
Qc6 Bxb5 29. Qxb5 Qc7 30. Qd5+ Kg7 31. Nf3 e4 32. Qxe4 d5 33. Qxd5 Bxb4+ 34.
Ke2 Bc5 35. h5 b5 36. h6+ Kf8 37. Nd2 Ne5 38. Qa8+ Ke7 39. Qh8 Bb4 40. Qxh7+
Nf7 41. Qxg6 Qc3 42. Qd3 1-0

[Event "XIII Miedzynarodowe Mistrzostwa Gdanska"]
[Site "Gdansk"]
[Date "2011.??.??"]
[Round "6.16"]
[White "Smalara, Kazimierz"]
[Black "Cichocka, Urszula"]
[Result "1-0"]
[WhiteElo "1956"]
[BlackElo "1721"]
[PlyCount "99"]
[EventDate "2011.??.??"]

1. d4 f5 2. c4 Nf6 3. g3 g6 4. Bg2 Bg7 5. Nc3 O-O 6. Nf3 d6 7. O-O c6 8. Qc2
Qe8 9. d5 e5 10. dxe6 Bxe6 11. b3 Na6 12. Bb2 Rd8 13. Ng5 Nc5 14. Rad1 h6 15.
Nxe6 Qxe6 16. e3 Rfe8 17. Ne2 Nfe4 18. Nd4 Qf7 19. b4 Ne6 20. f3 N4g5 21. h4
Nxd4 22. exd4 Nh7 23. d5 Bxb2 24. Qxb2 f4 25. gxf4 Qxf4 26. Rd4 Qe5 27. Qf2 Qe3
28. dxc6 Qxf2+ 29. Rxf2 bxc6 30. f4 c5 31. bxc5 dxc5 32. Rd5 Rxd5 33. cxd5 Nf6
34. Rc2 Ng4 35. Bf1 Re1 36. Rxc5 Rd1 37. Rc3 Kf8 38. Kg2 Rxd5 39. Bd3 Ne3+ 40.
Kf3 Nf5 41. Rc8+ Ke7 42. Bxf5 Rxf5 43. Rc7+ Kf6 44. Rxa7 Rb5 45. Ra4 Rc5 46.
Re4 Ra5 47. a4 Kf7 48. Kg3 Rd5 49. Re3 Ra5 50. Re4 1-0

[Event "XIII Miedzynarodowe Mistrzostwa Gdanska"]
[Site "Gdansk"]
[Date "2011.??.??"]
[Round "6.17"]
[White "Zielinski, Stanislaw"]
[Black "Suliborski, Artur"]
[Result "1-0"]
[WhiteElo "2155"]
[BlackElo "1707"]
[PlyCount "47"]
[EventDate "2011.??.??"]

1. e4 e6 2. d4 d5 3. Nc3 Bb4 4. e5 c5 5. a3 Bxc3+ 6. bxc3 Ne7 7. Qg4 O-O 8. Bd3
c4 9. Bh6 Ng6 10. Bxg6 fxg6 11. Bd2 Qb6 12. h4 Qb2 13. Rc1 Rf5 14. Ne2 Qxa3 15.
Ng3 Rf7 16. h5 gxh5 17. Nxh5 Nd7 18. Rh3 g6 19. Ke2 Qa4 20. Bh6 Nf8 21. Nf6+
Rxf6 22. exf6 Qe8 23. Qf4 Qf7 24. Rch1 1-0

[Event "XIII Miedzynarodowe Mistrzostwa Gdanska"]
[Site "Gdansk"]
[Date "2011.??.??"]
[Round "6.18"]
[White "Rak, Tomasz"]
[Black "Jenczyk, Piotr"]
[Result "1-0"]
[WhiteElo "2067"]
[BlackElo "1581"]
[PlyCount "51"]
[EventDate "2011.??.??"]

1. Nf3 Nf6 2. d4 e6 3. Bf4 b6 4. Nbd2 Bb7 5. e3 Be7 6. Bd3 d6 7. Qe2 Nbd7 8. c3
Rc8 9. e4 c5 10. Rd1 O-O 11. h4 Nh5 12. Bh2 cxd4 13. cxd4 Nhf6 14. e5 dxe5 15.
dxe5 Nd5 16. Ne4 Nc5 17. Nxc5 Rxc5 18. Bg3 Qc7 19. Bxh7+ Kxh7 20. Ng5+ Kh6 21.
Qd3 g6 22. h5 Kg7 23. Nxf7 Rxf7 24. Qxg6+ Kf8 25. h6 Rc1 26. O-O 1-0

[Event "XIII Miedzynarodowe Mistrzostwa Gdanska"]
[Site "Gdansk"]
[Date "2011.??.??"]
[Round "6.19"]
[White "Tyda, Krzysztof"]
[Black "Dzikowski, Michal"]
[Result "1/2-1/2"]
[WhiteElo "2016"]
[BlackElo "1706"]
[PlyCount "96"]
[EventDate "2011.??.??"]

1. d4 b6 2. e4 Bb7 3. Bd3 e6 4. Qe2 Nf6 5. Nf3 d5 6. e5 Nfd7 7. O-O c5 8. c3
Nc6 9. a3 Be7 10. Be3 Nf8 11. Nbd2 c4 12. Bc2 b5 13. Kh1 a5 14. b4 Nd7 15. Ng1
Nb6 16. f4 g6 17. bxa5 Rxa5 18. Rfb1 Bxa3 19. Qd1 b4 20. cxb4 Bxb4 21. Ne2 O-O
22. Ng3 f5 23. exf6 Qxf6 24. Nf3 Rfa8 25. Rxa5 Bxa5 26. Ne5 Qe7 27. Qg4 Nxe5
28. fxe5 Bc8 29. Bg5 Qg7 30. Bf6 Qh6 31. Bg5 Qg7 32. Rf1 Ra7 33. Qh4 Rf7 34.
Bf6 Rxf6 35. Rxf6 Bb4 36. Rf1 Be7 37. Qf4 Nd7 38. Qg4 Nf8 39. Ra1 Qh6 40. Ba4
Qe3 41. Be8 Bg5 42. h4 Be7 43. Nh5 c3 44. Qf4 Qxf4 45. Nxf4 Bxh4 46. Rc1 Bf2
47. Rxc3 Ba6 48. Ra3 Bc4 1/2-1/2

[Event "XIII Miedzynarodowe Mistrzostwa Gdanska"]
[Site "Gdansk"]
[Date "2011.??.??"]
[Round "6.20"]
[White "Baran, Dawid"]
[Black "Ulanowski, Karol"]
[Result "1/2-1/2"]
[WhiteElo "1679"]
[BlackElo "1938"]
[PlyCount "91"]
[EventDate "2011.??.??"]

1. e4 c5 2. Nf3 d6 3. c3 Nf6 4. Bc4 a6 5. d3 e6 6. Bg5 Be7 7. O-O Nbd7 8. Re1
O-O 9. a4 h6 10. Bh4 b6 11. Na3 Bb7 12. Qe2 d5 13. exd5 Nxd5 14. Bxe7 Qxe7 15.
Bxd5 Bxd5 16. Nc4 b5 17. axb5 axb5 18. Ne3 Bc6 19. d4 Bxf3 20. Qxf3 Rxa1 21.
Rxa1 cxd4 22. cxd4 Qb4 23. Qe2 Nb6 24. Rd1 Rd8 25. h3 Na4 26. Rd2 Nb6 27. Qd3
Nd5 28. Nxd5 Rxd5 29. Rc2 g6 30. Rc8+ Kg7 31. Qg3 Qxd4 32. Qb8 Qxb2 33. Rg8+
Kh7 34. Rf8 Rf5 35. f3 Qc1+ 36. Kf2 Qb2+ 37. Kf1 b4 38. Qe8 Qg7 39. Qe7 b3 40.
Rb8 Qa1+ 41. Kf2 Qd4+ 42. Kf1 Qc4+ 43. Kf2 b2 44. Qb4 Qc2+ 45. Kf1 Rd5 46. Rh8+
1/2-1/2

[Event "XIII Miedzynarodowe Mistrzostwa Gdanska"]
[Site "Gdansk"]
[Date "2011.??.??"]
[Round "6.21"]
[White "Bobryk, Konrad"]
[Black "Les, Czeslaw"]
[Result "0-1"]
[WhiteElo "1548"]
[BlackElo "1924"]
[PlyCount "66"]
[EventDate "2011.??.??"]

1. d4 d5 2. c4 Nf6 3. Nc3 e6 4. Bg5 Be7 5. e3 c6 6. Nf3 Ne4 7. Bxe7 Qxe7 8.
cxd5 exd5 9. Bd3 Bg4 10. O-O Nd7 11. Be2 Ndf6 12. Ne5 Bxe2 13. Qxe2 O-O 14.
Rac1 Nxc3 15. bxc3 c5 16. Qb5 Rfe8 17. Rb1 Ne4 18. Rfc1 Rab8 19. Nc6 Qf6 20.
Nxb8 Qxf2+ 21. Kh1 Rxb8 22. Qb2 Qxe3 23. Rc2 h5 24. dxc5 Qxc5 25. Rd1 Re8 26.
Re2 Re6 27. Rf1 Qc4 28. Qxb7 Qxe2 29. Qxf7+ Kh8 30. Qf8+ Kh7 31. Qf5+ Rg6 32.
Qf3 Qxf3 33. Rxf3 Ra6 0-1

[Event "XIII Miedzynarodowe Mistrzostwa Gdanska"]
[Site "Gdansk"]
[Date "2011.??.??"]
[Round "6.22"]
[White "Kaczanowski, Pawel"]
[Black "Parol, Pawel"]
[Result "0-1"]
[WhiteElo "1519"]
[BlackElo "1918"]
[PlyCount "46"]
[EventDate "2011.??.??"]

1. e4 e6 2. d4 d5 3. exd5 exd5 4. Nf3 Bd6 5. Bd3 Nc6 6. O-O Bg4 7. Re1+ Nge7 8.
Nc3 Nxd4 9. Nxd5 Bxf3 10. gxf3 Bxh2+ 11. Kxh2 Qxd5 12. Be4 Qh5+ 13. Kg2 O-O-O
14. Bxb7+ Kxb7 15. Rxe7 Rd6 16. Bf4 Rg6+ 17. Bg3 Ne6 18. Qd7 Rd8 19. Qa4 Rh6
20. Qe4+ Kb8 21. Qb4+ Kc8 22. Qe4 Qh3+ 23. Kg1 Qh1# 0-1

[Event "XIII Miedzynarodowe Mistrzostwa Gdanska"]
[Site "Gdansk"]
[Date "2011.??.??"]
[Round "6.23"]
[White "Czaczyk, Kacper"]
[Black "Pofelski, Andrzej"]
[Result "1/2-1/2"]
[WhiteElo "1512"]
[BlackElo "1892"]
[PlyCount "78"]
[EventDate "2011.??.??"]

1. e4 d5 2. exd5 Qxd5 3. Nf3 Nf6 4. d4 Bg4 5. Be2 e6 6. c4 Bb4+ 7. Bd2 Bxd2+ 8.
Qxd2 Qd8 9. h3 Bh5 10. Nc3 O-O 11. O-O c6 12. Rfe1 Nbd7 13. Rad1 Qa5 14. a3 Qc7
15. d5 exd5 16. cxd5 cxd5 17. Nxd5 Nxd5 18. Qxd5 Nf6 19. Qe5 Rac8 20. Qxc7 Rxc7
21. Rc1 Rfc8 22. Rxc7 Rxc7 23. Rd1 Kf8 24. g4 Bg6 25. Bd3 Bxd3 26. Rxd3 Rc1+
27. Kg2 Rc2 28. Rd2 Rxd2 29. Nxd2 Ke7 30. Kf3 Ke6 31. Ke3 g5 32. Ne4 Nxe4 33.
Kxe4 f6 34. f3 b6 35. f4 h6 36. f5+ Kd6 37. Kd4 b5 38. b4 Kc6 39. Ke4 Kd6
1/2-1/2

[Event "XIII Miedzynarodowe Mistrzostwa Gdanska"]
[Site "Gdansk"]
[Date "2011.??.??"]
[Round "6.24"]
[White "Mucha, Piotr"]
[Black "Kroczka, Gromoslaw"]
[Result "1-0"]
[WhiteElo "1867"]
[BlackElo "1499"]
[PlyCount "83"]
[EventDate "2011.??.??"]

1. e4 c5 2. Nf3 Nc6 3. d4 cxd4 4. Nxd4 Nf6 5. Nc3 e5 6. Ndb5 d6 7. Bg5 a6 8.
Na3 b5 9. Bxf6 gxf6 10. Nd5 f5 11. c3 Be6 12. exf5 Bxf5 13. Nc2 Bg7 14. Nce3
Be6 15. Bd3 O-O 16. Qh5 h6 17. O-O Ne7 18. Be4 Nxd5 19. Bxd5 Rc8 20. Rfd1 Qc7
21. Rd3 Rcd8 22. Rad1 Kh7 23. Be4+ f5 24. Rxd6 Qxd6 25. Rxd6 Rxd6 26. Bxf5+
Bxf5 27. Nxf5 Rg6 28. Nxg7 Kxg7 29. Qxe5+ Rgf6 30. h4 Kh7 31. g4 Rxf2 32. Qe4+
Kg8 33. Qg6+ Kh8 34. Qxh6+ Kg8 35. Qg6+ Kh8 36. h5 R2f6 37. Qe4 Rf4 38. Qe5+
Kh7 39. Qe6 R8f6 40. Qe2 Kh6 41. Kg2 Kh7 42. Kg3 1-0

[Event "XIII Miedzynarodowe Mistrzostwa Gdanska"]
[Site "Gdansk"]
[Date "2011.??.??"]
[Round "6.25"]
[White "Sieklucki, Adam"]
[Black "Szymanowski, Igor"]
[Result "1-0"]
[WhiteElo "1848"]
[BlackElo "1482"]
[PlyCount "129"]
[EventDate "2011.??.??"]

1. d4 Nf6 2. Nf3 g6 3. c4 Bg7 4. Bf4 d6 5. e3 O-O 6. Nc3 c5 7. Be2 Nh5 8. Bg5
h6 9. Bh4 g5 10. Bg3 g4 11. Nh4 Nxg3 12. hxg3 cxd4 13. exd4 Nc6 14. Bxg4 Nxd4
15. Bf3 Nxf3+ 16. Qxf3 Be6 17. Nf5 Bxf5 18. Qxf5 Rc8 19. g4 e6 20. Qd3 f5 21.
Qe2 Bxc3+ 22. bxc3 Qf6 23. Kf1 Kg7 24. Rh3 f4 25. Rb1 b6 26. Rb5 Rc5 27. Qd3
Rxb5 28. cxb5 e5 29. Qe4 Qe7 30. c4 Rc8 31. g5 Rh8 32. g6 Qe6 33. Ra3 Qe7 34.
Rd3 Rf8 35. g3 Rf6 36. a4 Qd7 37. Kg2 Rxg6 38. Qxe5+ Rf6 39. Qd4 Qg4 40. Rf3
Kg6 41. Qe4+ Kg5 42. Qd5+ Kg6 43. Qg8+ Kh5 44. Qxg4+ Kxg4 45. Rd3 fxg3 46. fxg3
Re6 47. Rd4+ Kg5 48. Kf3 h5 49. Rd5+ Kg6 50. Kf4 Rf6+ 51. Ke4 Kh6 52. Kd3 Rg6
53. Ke2 Re6+ 54. Kf3 Kg6 55. Rd4 Kg5 56. Rd5+ Kg6 57. Kg2 Kh6 58. Kh3 Kg6 59.
Kh4 Re4+ 60. Kh3 Rxc4 61. Rxd6+ Kg5 62. a5 bxa5 63. Ra6 Rb4 64. Rxa5 h4 65. b6+
1-0

[Event "XIII Miedzynarodowe Mistrzostwa Gdanska"]
[Site "Gdansk"]
[Date "2011.??.??"]
[Round "6.26"]
[White "Teclaf, Pawel"]
[Black "Lukaszuk, Aron"]
[Result "1/2-1/2"]
[WhiteElo "1509"]
[BlackElo "1834"]
[PlyCount "67"]
[EventDate "2011.??.??"]

1. e4 e5 2. Nf3 Nc6 3. Bb5 a6 4. Ba4 Bc5 5. c3 d6 6. h3 Nf6 7. d3 Be6 8. Be3
Ba7 9. Nbd2 Qe7 10. Bxa7 Rxa7 11. O-O O-O 12. d4 exd4 13. cxd4 Bd7 14. Re1 Nb4
15. Bxd7 Qxd7 16. Qb3 a5 17. a3 Nc6 18. d5 Ne7 19. Nd4 Nh5 20. Rac1 c5 21. dxc6
bxc6 22. Qf3 Nf6 23. Nc4 d5 24. exd5 cxd5 25. Ne5 Qa4 26. Ndc6 Nxc6 27. Nxc6
Rb7 28. Ne7+ Kh8 29. Nxd5 Nxd5 30. Qxd5 Rxb2 31. Qxf7 Rbb8 32. Qe7 Qf4 33. Qe3
Qa4 34. Qe7 1/2-1/2